01658nam a2200397Ia 450000500170000000800410001702000190005810000350007724501150011225000190022730000600024649000250030650502030033152100370053458600420057165000510061365000520066465000390071665000360075570000330079170000270082474000320085174000450088374000420092874000240097074000350099474000410102994200150107026400260108533600270111133700330113833800280117104000350119908400110123499900150124520220317001014.0160825s2008 ck a g 000 0 spa  a978958041930121 aNöstlinger, Christinad1936-14aLas vacaciones de FranzcChristine Nöstlinger ; traducido por Rafael Arteaga ; ilustrado por de Erhard Dietl a1a. edición  a69 páginas bilustraciones en blanco y negro c18 cm  aTorre de papelproja aLo que hay que saber acerca de Franz ; Las cosas que alegran a Franz ; Franz se queda en distintos lugares ; De cómo solucionó Franz su problema ; La huelga de Franz ; De cómo se vengó Franz aRecomendado a partir de 7 años aPremio Hans Christian Andersen 1984 142LEMBaCuentos infantiles austriacos ySiglo XX142LEMBaLiteratura infantil austriacos ySiglo XX142LEMBaVacaciones en la literatura 142LEMBaNiños en la literatura 1 aDietl, Erhard d1953- 997171 aArteaga, Rafael964323 aDe cómo se vengó Franz 02aDe cómo solucionó Franz su problema 02aFranz se queda en distitntos lugares 32aLa huelga de Franz 42aLas cosas que alegran a Franz 02aLo que hay que saber acerca de Franz 2loccBKINF aBogotábNormac2008 atextobtxt2rdacontent asin mediaciónbn2rdamedia avolumenbnc2rdacarrier aCO-BoRNBPbspaerdacCO-BoRNBP aC NOS1 c5651d5651